2020 NHL Draft - First Round Picks - Statistics

General Stats
  • This quiz has been taken 53 times
  • The average score is 16 of 31
Answer Stats
Pick NHL Team Junior Team Nationality Position Answer % Correct
1 New York Rangers Rimouski Oceanic (QMJHL) Canadian LW Alexis Lafrenière
97%
2 Los Angeles Kings Sudbury Wolves (OHL) Canadian C Quinton Byfield
97%
3 Ottawa Senators Adler Mannheim (DEL) German LW Tim Stützle
89%
4 Detroit Red Wings Frolunda HC (SHL) Swedish LW Lucas Raymond
84%
9 Minnesota Wild Ottawa 67's (OHL) Austrian C Marco Rossi
84%
10 Winnipeg Jets Saginaw Spirit (OHL) Canadian C Cole Perfetti
78%
5 Ottawa Senators U.S. NTDP (USHL) American D Jake Sanderson
76%
6 Anaheim Ducks Erie Otters (OHL) Canadian D Jamie Drysdale
76%
11 Nashville Predators SKA-Neva (VHL) Russian G Yaroslav Askarov
73%
7 New Jersey Devils Djurgardens IF (SHL) Swedish RW Alexander Holtz
65%
8 Buffalo Sabres Ottawa 67's (OHL) Canadian RW Jack Quinn
62%
12 Florida Panthers HIFK (Liiga) Finnish C Anton Lundell
59%
17 Chicago Blackhawks Eisbaren Berlin (DEL) German LW Lukas Reichel
59%
19 New York Rangers Brandon Wheat Kings (WHL) Canadian D Braden Schneider
54%
16 Montreal Canadiens Prince Albert Raiders (WHL) Canadian D Kaiden Guhle
54%
13 Carolina Hurricanes Portland Winterhawks (WHL) Canadian C Seth Jarvis
51%
14 Edmonton Oilers Wisconsin (Big Ten) Canadian C Dylan Holloway
49%
15 Toronto Maple Leafs Salavat Yulaev Ufa (KHL) Russian C Rodion Amirov
49%
18 New Jersey Devils Chicoutimi Sagueneens (QMJHL) Canadian C Dawson Mercer
46%
22 Washington Capitals Chicoutimi Sagueneens (QMJHL) Canadian C Hendrix Lapierre
46%
24 Calgary Flames Kamloops Blazers (WHL) Canadian C Connor Zary
35%
20 New Jersey Devils Salavat Yulaev Ufa (KHL) Russian D Shakir Mukhamadullin
32%
26 St. Louis Blues Edmonton Oil Kings (WHL) Canadian LW Jake Neighbours
30%
25 Colorado Avalanche Halifax Mooseheads (QMJHL) Canadian D Justin Barron
30%
28 Ottawa Senators Brandon Wheat Kings (WHL) Canadian C Ridly Grieg
30%
27 Anaheim Ducks Sarnia Sting (OHL) Canadian RW Jacob Perreault
27%
30 Dallas Stars Shawinigan Cataractes (QMJHL) Canadian C Mavrik Bourque
24%
31 San Jose Sharks Prince Albert Raiders (WHL) Canadian RW Ozzy Wiesblatt
24%
21 Columbus Blue Jackets Avangard Omsk (KHL) Russian RW Yegor Chinakov
24%
29 Vegas Golden Knights Chicago Steel (USHL) American C Brendan Brisson
22%
23 Philadelphia Flyers Barrie Colts (OHL) Canadian RW Tyson Foerster
16%
No matching quizzes found
Score Distribution
Percent of People with Each Score
Percentile by Number Answered
Your Score History
You have not taken this quiz